• 首页
  • 本馆介绍
  • 公告通知
  • 最新文献
  • 馆藏检索
  • 电子资源
  • 读者荐购
  • 参考咨询
  • CALIS
  • 我的图书馆
  • 登录
  • 详细信息显示
  • 放入我的书架
  • 预约/预借图书
  • 作者相关作品
  • 分类相关作品
  • 丛书相关作品
  • 出版社相关作品

书目信息

  • 表格格式
  • 工作单格式
  • 卡片格式
题名:
逃离图书馆
    
 
作者: 蝶之灵 著
分册:   完结篇
出版信息: 成都   天地出版社  2024.01
页数: 359页
开本: 24cm
丛书名:
单 册:
中图分类: I247.57
科图分类:
主题词: 长篇小说--中国--当代
电子资源:
ISBN: 978-7-5455-7343-5
 
 
 
 
 
000 00647nam0 2200229 450
001 012791940
005 20251022211900.77
010    @a978-7-5455-7343-5@dCNY49.80
100    @a20240228d2024 em y0chiy0120 ea
101 0  @achi
102    @aCN@b510000
105    @ay z 000ay
106    @ar
200 1  @a逃离图书馆@9tao li tu shu guan@i完结篇@f蝶之灵著
210    @a成都@c天地出版社@d2024.01
215    @a359页@d24cm
300    @a酷威文化 晋江文学城
606 0  @a长篇小说@y中国@z当代
690    @aI247.57@v5
701  0 @a蝶之灵@9die zhi ling@f(198?-)@4著
801  0 @aCN@c20250911
905    @a河南城建学院图书馆@dI247.57@eD508-3@ZD508-3@f3
    
    逃离图书馆.完结篇/蝶之灵著.-成都:天地出版社,2024.01
    359页;24cm
    酷威文化 晋江文学城
    
    ISBN 978-7-5455-7343-5:CNY49.80
    
●
相关链接 在E读中查询图书 在当当中查询图书 在豆瓣中查询图书


正题名:逃离图书馆     索取号:I247.57/D508-3         预约/预借

序号 登录号 条形码 馆藏地/架位号 状态 备注
1 1636720   216367205   文学库108/108文学库 47排4列5层/ [索取号:I247.57/D508-3] 在馆    
2 1636721   216367214   文学库108/108文学库 47排4列5层/ [索取号:I247.57/D508-3] 在馆    
3 1636722   216367223   文学库108/ [索取号:I247.57/D508-3] 在馆    
河南城建学院图书馆 欢迎您!
大连网信软件有限公司© 版权所有